• 首页
  • 本馆介绍
  • 公告通知
  • 最新文献
  • 馆藏检索
  • 电子资源
  • 读者导购
  • 参考咨询
  • 我的图书馆
  • 登录
  • 详细信息显示
  • 放入我的书架
  • 预约/预借图书
  • 作者相关作品
  • 分类相关作品
  • 丛书相关作品
  • 出版社相关作品

书目信息

  • 表格格式
  • 工作单格式
  • 卡片格式
题名:
简明环境科学词典
    
 
作者: 袁宝珊 主编
分册:  
出版信息: 兰州   甘肃人民出版社  1981.9
页数: 581页
开本: 20cm
丛书名:
单 册:
中图分类: X-61
科图分类:
主题词: 环境科学 , 劳动?
电子资源:
ISBN:
000 00576nam0 2200217 45
001 0312221749
005 20040513153557.0
010    @dCNY1.85
091    @a13096.66
100    @a20031222d1981 km y0chiy0120 ea
101    @achi
105    @a z 000yy
200 1  @a简明环境科学词典@AJian Ming Huan Jing Ke Xue Ci Dian@f袁宝珊主编@FYuan Bao Shan Zhu Bian
210    @a兰州@c甘肃人民出版社@d1981.9
215    @a581页@d20cm
606 0  @a环境科学
606 0  @a劳动?
690    @aX-61
701 0  @a袁宝珊@4主编
801    @aCN@bTSTCL@c20031222
905    @dX-61@f1@b59318@e13
    
    简明环境科学词典/袁宝珊主编.-兰州:甘肃人民出版社,1981.9
    581页;20cm
    
    
    ISBN :CNY1.85
    
●
相关链接 在E读中查询图书 在五车中查询图书 在当当中查询图书 在豆瓣中查询图书


正题名:简明环境科学词典     索取号:X-61/13         预约/预借

序号 登录号 条形码 馆藏地/架位号 状态 备注
1 0059318   001486537   第二样本阅览室/ [索取号:X-61/13] 在馆    
唐山师范学院图书馆 欢迎您!
大连网信软件有限公司© 版权所有